000 01129nam a2200313 a 4500
001 37207
003 BD-RjUL
005 20211209052605.0
008 141112r20011999enka b 001 0 eng
020 _a1859962416
020 _a038791563X (softcover : alk. paper)
035 _a(BD-RjUL)37309
040 _aDLC
_cDLC
_dDLC
_dBD-RjUL
_beng
041 _aeng
082 0 0 _a540.2457
_221
_bFIC 2001
100 1 _aFisher, J.
_q(Julie)
_9113921
245 1 0 _aChemistry for biologists /
_cJ. Fisher & J.R.P. Arnold.
246 1 _aInstant notes in chemistry for biologists
260 _aOxford, UK :
_bBIOS Scientific ;
_aNew York, USA :
_bDistributed exclusively in the U.S. by Springer-Verlag New York,
_c1999 [Reprinted 2001].
300 _aix, 246 p. :
_bill. ;
_c25 cm.
500 _aOn label on t.p. verso: ISBN 0-387-91563-X
504 _aIncludes bibliographical references and index.
650 0 _aChemistry
_xOutlines, syllabi, etc.
_9113923
700 1 _aArnold, J. R. P.
_q(John R. P.)
_9113924
942 _2ddc
_cBK
999 _c37207
_d37207